Statistics for History by Letter - L

Click here to take the quiz!

General Stats

  • This quiz has been taken 40,811 times
    (40,709 since last reset)
  • The average score is 12 of 20

Answer Stats

Hint Answer % Correct
Name of 18 French kingsLouis
98%
Language of ancient RomeLatin
96%
Leader of the BolsheviksVladimir Lenin
87%
African country founded for
freed American slaves
Liberia
87%
John Wilkes Booth's victimAbraham Lincoln
86%
He nailed 95 theses to a
German church door
Martin Luther
81%
Aerial warfare branch of Nazi GermanyLuftwaffe
70%
Hezbollah's home turfLebanon
69%
Enemies of the House of YorkHouse of Lancaster
64%
Stick game invented by
indigenous Canadians
Lacrosse
60%
With Clark, he explored the
Louisiana Purchase
Meriwether Lewis
60%
First to fly solo and non-stop
from New York to Paris
Charles Lindbergh
55%
Ocean liner sunk by a U-boat in 1915Lusitania
53%
Belgian king who brutally
exploited the Congo
Leopold II
51%
Spartan leader at ThermopylaeLeonidas
48%
Egyptian city once called ThebesLuxor
46%
Presumably, Stanley found himDavid Livingstone
42%
One-time capital of the Mughal
and Sikh empires
Lahore
20%
Germanic tribe who ruled Italy
from 568 to 774
Lombards
18%
French "Father of Modern Chemistry"Antoine Lavoisier
16%

Score Distribution

Percentile by Number Answered

Percent of People with Each Score

Your Score History

You have not taken this quiz since the last reset